000 00846nas a2200277 4500
001 BR8905232
003 BR-BrBNA
005 20231205091740.0
007 ta
008 230509b bl.|||p| |||| 00| 00por d
040 _aBR-BrBNA
_bpor
_cBiblioteca Nacional de Agricultura
041 _a(Pt)
072 _aP35
100 1 _aPaulino, V.T.
100 1 _aWerner, J.C.
100 1 _aCarriel, J.M.
100 1 _aColozza, M.T.
245 1 _aEstudos de adubacao com Brachiaria humidicola e Setaria anceps cv. Kazungula em dois solos de varzea do Estado de Sao Paulo
650 _aCAPIM QUICUIO
650 _aSETARIA
650 _aADUBACAO VERDE
650 _aSAO PAULO
773 0 _tZootecnia (Brazil)
_xISSN 0044-5320
_g(Apr-Jun 1986), v. 24(2) p. 181-206
_wBR8905232
909 _a202311
_bLúcia
_c55
_dLúcia Elande
942 _2AGRIS
_n0
_cANA
999 _c127096
_d127096